Memoria general, o sea resumen de las razones justificativas del proyecto de inmigración de brazos libres africanos, que para la sustentación de la riqueza agrícola de la isla de Cuba han presentado al Supremo Gobierno don Manuel Basilio da Cunha Reis, don José Suárez Argudín y don Luciano Fernández Perdones. (Record no. 48082)
[ view plain ]
| 000 -LEADER | |
|---|---|
| campo de control de longitud fija | 01516nam a22003255i 4500 |
| 001 - NÚMERO DE CONTROL | |
| campo de control | 48082 |
| 003 - IDENTIFICADOR DE NÚMERO DE CONTROL | |
| campo de control | ES-MaACL |
| 005 - FECHA Y HORA DE LA ÚLTIMA TRANSACCIÓN | |
| campo de control | 20250802063103.0 |
| 007 - CAMPO FIJO DE DESCRIPCIÓN FÍSICA--INFORMACIÓN GENERAL | |
| campo de control de longitud fija | t| |
| 008 - DATOS DE LONGITUD FIJA--INFORMACIÓN GENERAL | |
| campo de control de longitud fija | 940301s1861 sp ||||1| spa d |
| 080 ## - NÚMERO DE LA CLASIFICACIÓN DECIMAL UNIVERSAL | |
| Número de la Clasificación Decimal Universal | 308-054.72(=414:729.1) |
| 080 ## - NÚMERO DE LA CLASIFICACIÓN DECIMAL UNIVERSAL | |
| Número de la Clasificación Decimal Universal | 314.742(729.1) |
| 080 ## - NÚMERO DE LA CLASIFICACIÓN DECIMAL UNIVERSAL | |
| Número de la Clasificación Decimal Universal | (729.1) |
| 100 1# - ENTRADA PRINCIPAL--NOMBRE DE PERSONA | |
| Nombre de persona | Reis, Manuel Basilio da Cunha. |
| Término indicativo de función/relación | Autor |
| 9 (RLIN) | 42175 |
| 245 10 - MENCIÓN DEL TÍTULO | |
| Título | Memoria general, o sea resumen de las razones justificativas del proyecto de inmigración de brazos libres africanos, que para la sustentación de la riqueza agrícola de la isla de Cuba han presentado al Supremo Gobierno don Manuel Basilio da Cunha Reis, don José Suárez Argudín y don Luciano Fernández Perdones. |
| 260 ## - PUBLICACIÓN, DISTRIBUCIÓN, ETC. | |
| Lugar de publicación, distribución, etc. | Madrid : |
| Nombre del editor, distribuidor, etc. | [s.n.], |
| Fecha de publicación, distribución, etc. | 1861 |
| Fabricante | (Imp. de Manuel de Rojas) |
| 300 ## - DESCRIPCIÓN FÍSICA | |
| Extensión | 93 páginas ; |
| Dimensiones | 22 cm |
| 530 ## - NOTA DISPONIBLE DE FORMULARIO FÍSICO ADICIONAL | |
| Nota de formato físico adicional disponible | Disponible en formato digital |
| 650 #4 - PUNTO DE ACCESO ADICIONAL DE MATERIA--TÉRMINO DE MATERIA | |
| Término de materia o nombre geográfico como elemento de entrada | Africanos- |
| Subdivisión geográfica | Cuba |
| 9 (RLIN) | 241500 |
| 651 #4 - PUNTO DE ACCESO ADICIONAL DE MATERIA--NOMBRE GEOGRÁFICO | |
| Nombre geográfico | Cuba- |
| Subdivisión general | Inmigración- |
| Subdivisión cronológica | S.XIX |
| 9 (RLIN) | 8110 |
| 700 1# - ENTRADA AGREGADA--NOMBRE PERSONAL | |
| Nombre de persona | Suárez Argudín, José |
| Término indicativo de función/relación | Autor |
| 9 (RLIN) | 108586 |
| 700 1# - ENTRADA AGREGADA--NOMBRE PERSONAL | |
| Nombre de persona | Fernández Perdones, Luciano |
| Término indicativo de función/relación | Autor |
| 9 (RLIN) | 49989 |
| 852 4# - LOCALIZACIÓN | |
| Ubicación | ES-MaACL |
| Ubicación en estantería | Depósito folletos |
| Número de control de estantería | T-85-F-13 |
| 852 4# - LOCALIZACIÓN | |
| Ubicación | ES-MaACL |
| Ubicación en estantería | Depósito folletos |
| Número de control de estantería | T-156-F-7 |
| 856 ## - LOCALIZACIÓN Y ACCESO ELECTRÓNICOS | |
| Identificador Uniforme de Recursos | <a href="https://bvpb.mcu.es/es/consulta/registro.do?id=590813">https://bvpb.mcu.es/es/consulta/registro.do?id=590813</a> |
| Texto de enlace | Versión en línea |
| Nota pública | (Biblioteca Virtual del Patrimonio Bibliográfico (BVPB)) |
| 856 ## - LOCALIZACIÓN Y ACCESO ELECTRÓNICOS | |
| Identificador Uniforme de Recursos | <a href="https://repositorio.bde.es/handle/123456789/20215">https://repositorio.bde.es/handle/123456789/20215</a> |
| Texto de enlace | Versión en línea |
| Nota pública | (Repositorio Institucional del Banco de España) |
| 942 ## - ELEMENTOS DE ENTRADA SECUNDARIOS (KOHA) | |
| Fuente del sistema de clasificación o colocación | Clasificación decimal universal |
| Tipo de ítem Koha | Folleto |
| Suprimir en OPAC | No |
| Estatus retirado | Estado de pérdida | Estado de daño | No para préstamo | Colección | Biblioteca de origen | Biblioteca actual | Ubicación en estantería | Fecha de adquisición | Fuente de adquisición | Total de préstamos | Signatura topográfica completa | Código de barras | Visto por última vez | Precio de reemplazo | Tipo de ítem Koha |
|---|---|---|---|---|---|---|---|---|---|---|---|---|---|---|---|
| Colección de folletos | Biblioteca del Ateneo de Madrid | Biblioteca del Ateneo de Madrid | Depósito folletos | 17/01/2008 | T-156-F-7 | 1050606 | 23/02/2023 | 23/02/2023 | Folleto | ||||||
| Colección de folletos | Biblioteca del Ateneo de Madrid | Biblioteca del Ateneo de Madrid | Depósito folletos | 17/01/2008 | T-85-F-13 | 1050605 | 23/02/2023 | 23/02/2023 | Folleto |
